Working of the office of the prime minister of India : A case study of Shrimati Indira Gandhi (Record no. 23043)

MARC details
000 -LEADER
fixed length control field 00496nam a2200157Ia 4500
082 ## - DEWEY DECIMAL CLASSIFICATION NUMBER
Classification number TD.0054
100 ## - MAIN ENTRY--AUTHOR NAME
Personal name Devandanam, K.
245 #0 - TITLE STATEMENT
Title Working of the office of the prime minister of India : A case study of Shrimati Indira Gandhi
260 ## - PUBLICATION, DISTRIBUTION, ETC. (IMPRINT)
Year of publication 1988
Name of publisher Sri Venkateswara University
300 ## - PHYSICAL DESCRIPTION
Number of Pages 439p. + C D - 68
650 ## - SUBJECT ADDED ENTRY--TOPICAL TERM
Topical Term GANDHI, INDIRA
650 ## - SUBJECT ADDED ENTRY--TOPICAL TERM
Topical Term PRIME MINISTERS - INDIA///GANDHI, INDIRA
650 ## - SUBJECT ADDED ENTRY--TOPICAL TERM
Topical Term PRIME MINISTERS - INDIA - OFFICE
710 ## - ADDED ENTRY--CORPORATE NAME
Corporate name or jurisdiction name as entry element Sri Krishna, S.
942 ## - ADDED ENTRY ELEMENTS (KOHA)
Koha item type Thesis
Source of classification or shelving scheme Dewey Decimal Classification
Holdings
Withdrawn status Lost status Damaged status Not for loan Home library Current library Date acquired Bill Date Full call number Accession Number Price effective from Koha item type
        NASSDOC Library NASSDOC Library 08/10/2004 2004-10-22 TD.0054 29748 18/04/2019 Thesis